Guía Legis para la declaración de renta (Registro nro. 166538)

Detalles MARC
000 -ENCABEZADO
Número de control [NR] 01510nam a22003857a 4500
005 - FECHA Y HORA DE LA ÚLTIMA TRANSACCIÓN
control field 20211206143946.0
008 - DE LONGITUD FIJA DE DATOS DE ELEMENTOS - INFORMACIÓN GENERAL
Elementos de longitud fija [NR] 130528s2020 ck frf 001 0 sspad
020 ## - NUMERO INTERNACIONAL NORMALIZADO PARA LIBROS [R]
Número Internacional Normalizado del libro [NR] 9789587970111 (45a.Ed.)
020 ## - NUMERO INTERNACIONAL NORMALIZADO PARA LIBROS [R]
Número Internacional Normalizado del libro [NR] 9789587671049
020 ## - NUMERO INTERNACIONAL NORMALIZADO PARA LIBROS [R]
Número Internacional Normalizado del libro [NR] 9789587670271
020 ## - NUMERO INTERNACIONAL NORMALIZADO PARA LIBROS [R]
Número Internacional Normalizado del libro [NR] 9789587672022 (40a.Ed.)
020 ## - NUMERO INTERNACIONAL NORMALIZADO PARA LIBROS [R]
Términos de disponibilidad [NR] 9789587676037 (42a.Ed.)
020 ## - NUMERO INTERNACIONAL NORMALIZADO PARA LIBROS [R]
Número Internacional Normalizado del libro [NR] 9789587673586 (41a.Ed.)
020 ## - NUMERO INTERNACIONAL NORMALIZADO PARA LIBROS [R]
Número Internacional Normalizado del libro [NR] 9789586539593 (37a.Ed.)
020 ## - NUMERO INTERNACIONAL NORMALIZADO PARA LIBROS [R]
Número Internacional Normalizado del libro [NR] 9789586538961 (36a.Ed.)
020 ## - NUMERO INTERNACIONAL NORMALIZADO PARA LIBROS [R]
Número Internacional Normalizado del libro [NR] 0120629X (22a.Ed.)
040 ## - FUENTE DE CATALOGACION [NR]
Agencia de catalogación original [NR] CO-BoUCM
Idioma de catalogación [NR] spa
Quien Cataloga Deissy Garcia (modificó)
Quien Clasifica Aldemar Mondragón
041 00 - CODIGO DE IDIOMA [R]
Código de idioma para texto/pista de sonido o título separado [R] Español
245 00 - MENCION DE TITULO [NR]
Título [NR] Guía Legis para la declaración de renta
Mención de responsabilidad, etc. [NR] Legis ; actualizada por Juan Camilo Serrano Valenzuela ; con la colaboración de Natacha Mariú Alvear Aragón
246 14 - FORMA VARIANTE DEL TITULO [R]
Título propiamente dicho/forma breve del título [NR] Guía Legis para la declaración de renta 2020
250 ## - MENCION DE EDICION [NR]
Mención de edición [NR] 45a.Ed.
260 ## - PUBLICACION, DISTRIBUCION, ETC. (PIE DE IMPRENTA) [R]
Lugar de publicación, distribución, etc. [R] Bogotá (Colombia)
Nombre del editor, distribuidor, etc. [R] Legis Editores
Fecha de publicación, distribución, etc. [R] 2020
300 ## - DESCRIPCION FISICA [R]
Extensión [R] xxxiii, 477 páginas
Otros detalles físicos [NR] tablas
500 ## - NOTA GENERAL [R]
Nota general [NR] Incluye índice alfabético
650 #7 - ASIENTO SECUNDARIO DE MATERIA - TERMINO TEMATICO [R]
Término temático o nombre geográfico como elemento de entrada [NR] Declaraciones de renta
Subdivisión geográfica [R] Colombia
Subdivisión de forma [R] Manuales
9 (RLIN) 38441
650 #7 - ASIENTO SECUNDARIO DE MATERIA - TERMINO TEMATICO [R]
Término temático o nombre geográfico como elemento de entrada [NR] Derecho fiscal
Subdivisión general [R] Legislación
Subdivisión geográfica [R] Colombia
9 (RLIN) 38442
650 #7 - ASIENTO SECUNDARIO DE MATERIA - TERMINO TEMATICO [R]
Término temático o nombre geográfico como elemento de entrada [NR] Derecho tributario
Subdivisión geográfica [R] Colombia
Subdivisión de forma [R] Manuales
9 (RLIN) 38443
650 #7 - ASIENTO SECUNDARIO DE MATERIA - TERMINO TEMATICO [R]
Término temático o nombre geográfico como elemento de entrada [NR] Impuestos
Subdivisión geográfica [R] Colombia
Subdivisión de forma [R] Manuales
9 (RLIN) 38444
690 ## - ASUNTO AGREGADO LOCAL DE ENTRADA - TÉRMINO TEMÁTICO (OCLC, RLIN)
Acceso temático local Derecho Tributario
9 (RLIN) 12836
700 1# - ASIENTO SECUNDARIO - NOMBRE PERSONAL [R]
Nombre personal [NR] Alvear Aragón, Natacha Mariú
9 (RLIN) 38446
700 1# - ASIENTO SECUNDARIO - NOMBRE PERSONAL [R]
Nombre personal [NR] Serrano Valenzuela, Juan Camilo
9 (RLIN) 38445
710 2# - ASIENTO SECUNDARIO - NOMBRE CORPORATIVO [R]
Nombre corporativo o de jurisdicción como elemento de entrada [NR] Legis Editores
9 (RLIN) 28092
942 ## - ELEMENTOS DE ENTRADA AGREGADOS (KOHA)
Tema principal Derecho
Tipo de ítem principal el descrito en 300a Libro
Edición 45
Parte restante de la signatura top. G943
Sistema de clasificación DEWEY
Clasificación 343.05044
Existencias
Total préstamos Signatura topográfica Código de barras Última vez visto Volúmen / Fascículo Ejemplar Price effective from Tipo de ítem Perdido Sistema de clasificación Dañado No prestable Tipo de ítem específico Suprimido Ubicación habitual Ubicación actual Localización Fecha de creación Forma de adquisición Costo Fecha de último préstamo Total Renewals Costo de reposición Proveedor
  BO 343.052044 G84 100041213 19/06/2012 1997 Ej.1 03/02/2013 Libro   DEWEY     Libro   Bodega Bodega Préstamo 4 días después de solicitado 28/02/2003 Compra 12500.00        
2 343.05044 G943 100145538 04/12/2023 40a.Ed. Ej.3 14/04/2015 Libro   DEWEY     Libro   Bodega Bodega Préstamo 4 días después de solicitado 14/04/2015 Compra 39750.00 15/07/2015 1 39750.00 18
3 343.05044 G943 100145537 04/12/2023 40a.Ed. Ej.2 14/04/2015 Libro   DEWEY     Libro   Bodega Bodega Préstamo 4 días después de solicitado 14/04/2015 Compra 39750.00 30/01/2018 7 39750.00 18
2 343.05044 G943 100148758 04/12/2023 41a.Ed. 2016 Ej.3 25/02/2016 Libro   DEWEY     Libro   Bodega Bodega Préstamo 4 días después de solicitado 25/02/2016 Compra 42000.00 22/08/2016 3 42000.00 103
5 343.05044 G943 100148760 04/12/2023 41a.Ed. 2016 Ej.5 25/02/2016 Libro   DEWEY     Libro   Bodega Bodega Préstamo 4 días después de solicitado 25/02/2016 Compra 42000.00 22/02/2017 4 42000.00 103
3 343.05044 G943 100148759 04/12/2023 41a.Ed. 2016 Ej.4 25/02/2016 Libro   DEWEY     Libro   Bodega Bodega Préstamo 4 días después de solicitado 25/02/2016 Compra 42000.00 30/01/2018 2 42000.00 103
1 343.05044 G943 100166617 01/07/2026 45a. Ed. 2020 Ej.1 12/08/2020 Libro   DEWEY     Libro   Claustro Claustro 3er piso 12/08/2020 Compra 69000.00 23/09/2024   69000.00 156
  343.05044 G943 100166618 01/07/2026 45a. Ed. 2020 Ej.2 12/08/2020 Libro   DEWEY     Libro   Claustro Claustro 3er piso 12/08/2020 Compra 69000.00     69000.00 156